Từ điển Nga-Việt, tập 2

Kaydedildi:
Detaylı Bibliyografya
Yazar: K.M. Alikanopv
Materyal Türü: Bilinmiyor
Dil:English
Baskı/Yayın Bilgisi: 2002
Konular:
Etiketler: Etiketle
Etiket eklenmemiş, İlk siz ekleyin!
Thư viện lưu trữ: Mạng thư viện Đại học Đà Nẵng
LEADER 00955ca a2200301 4500
001 000032362
003 8445
005 20151027000000.0
008 151002s2002 vm 000 eng
041 |a eng 
082 |a 491.73  |b AL-K 
100 |a K.M. Alikanopv 
245 |a Từ điển Nga-Việt, tập 2  |c K.M. Alikanopv 
260 |c 2002 
650 |a Từ điển Nga-Việt, tập 2, K.M. Alikanopv 
852 |b Đọc  |c TỪ ĐIỂN 
OWN |a LNN 
AVA |a UDN50  |b LNN  |d 491.73 AL-K  |e available  |t Error 5001 Not defined in file expand_doc_bib_avail.  |f 2  |g 0  |h N  |i 0  |k 1 
999 |a From the UDN01 
AVA |a UDN50  |b LNN  |d 491.73 AL-K  |e available  |t Error 5001 Not defined in file expand_doc_bib_avail.  |f 2  |g 0  |h N  |i 0  |k 1 
TYP |a Printed language 
980 |a Mạng thư viện Đại học Đà Nẵng